01395nam a2200337 a 4500001001000000003000500010005001700015008004100032010001100073011001100084040000900095090001000104100004700114245015400161260004100315500006000356502007400416590004100490590004000531590004000571650005300611650005100664650005100715650004800766856007000814901000700884942001000891942000600901999001900907952013100926000115293CHAP20220329144528.0190219s2018 mx a |sm |||||||spa|d a111754 a112726 cCHAP aTesis1 aGonzález Aguilar, Diego Alfredo.913550610aValoración económia de la producción hídrica de la microcuenca Agostitlán, Michoacánh[En línea]cpor Diego Alfredo González Aguilar. aChapingo, Méx. :bEl autor,c2018. aPara ver el contenido del material haga clic en la liga aTesis (Ingeniero forestal) -- UACH. División de Ciencias Forestales aBATCH-UPDb05c20190219lUCH01h1235 aE6337LMJb05c20190219lUCH01h1234 aE6337LMJb05c20190219lUCH01h123514aCuencas hidrológicasxAprovechamiento.913444414aRecursos hidraulicosxAdministración.99509014aRecursos hidraúlicosxConservación.99508814aRecursos hidráulicosxMichoacán.995114 aFinding aiduhttp://10.13.5.2/tesis/sist115293.pdfzTeclea aquí aBK cTESIS n0 c111754d111754 00104054718TESISaBCbBCd2019-02-19fTESISl0oTesisp115301-10r2019-12-31 00:00:00w2019-12-31yTESISzRecien adquirido